Pan-Arabism before Nasser [electronic resource] : Egyptian power politics and the Palestine question

Bibliographic Details
Main Author: Doran, Michael Scott , 1962- (Author)
Corporate Author: NetLibrary, Inc
Format: Book
Language:English
Published: New York : Oxford University Press , 1999
Series:Studies in Middle Eastern history
Studies in Middle Eastern history (New York, N.Y.)
Subjects:
Online Access:An electronic book accessible through the World Wide Web; click for information

MARC

LEADER 00000cam a2200000 7i4500
001 0000062607
005 20161108093000.0
008 090525s1999 nyu eng
020 |a 1423735269 (electronic bk.) 
020 |a 9781423735267 (electronic bk.) 
090 0 0 |a DT107.82   |b .D67 1999 
100 1 |a Doran, Michael Scott ,   |d 1962- ,   |e author 
245 1 0 |a Pan-Arabism before Nasser [electronic resource] :   |b Egyptian power politics and the Palestine question   |c Michael Doran 
260 |a New York :   |b Oxford University Press ,   |c 1999 
300 |a 230 p. ;   |c 24 cm. 
440 0 |a Studies in Middle Eastern history 
504 |a Includes bibliographical references (p. 221-226) and index 
533 |a Electronic reproduction.   |b Boulder, Colo. :   |c NetLibrary,   |d 2005.   |n Available via World Wide Web.   |n Access may be limited to NetLibrary affiliated libraries. 
538 |a Mode of access: World Wide Web 
650 0 |a Arab-Israeli conflict 
650 0 |a Panarabism 
651 0 |a Egypt   |x Foreign relations   |z Arab countries 
651 0 |a Egypt   |x Politics and government   |y 1919-1952 
710 2 |a NetLibrary, Inc. 
830 0 |a Studies in Middle Eastern history (New York, N.Y.) 
856 4 |3 Bibliographic record display   |u http://www.netLibrary.com/urlapi.asp?action=summary&v=1&bookid=144005   |z An electronic book accessible through the World Wide Web; click for information 
999 |a 1000125240   |b Electronic Resource   |c OPEN SHELF (30 DAYS)   |e Gong Badak Campus